Evolución de la cobertura de la seguridad social y su relación con el mercado de trabajo /

En un sentido amplio el concepto de empleo está ligado consustancialmente al derecho del trabajo y al de seguridad social; más genéricamente el concepto del empleo se constituye a partir de la "norma social" que se va desarrollando en el trascurso de la historia. Este trabajo da cuenta de...

Cur síos iomlán

Sábháilte in:
Sonraí bibleagrafaíochta
Príomhchruthaitheoir: Roca, Emilia
Formáid: Téacs
Ábhair:
Clibeanna: Cuir clib leis
Níl clibeanna ann, Bí ar an gcéad duine le clib a chur leis an taifead seo!

MARC

LEADER 00000 a a2200000 04500
001 40934
003
040
100 |a Roca, Emilia  
245 |a Evolución de la cobertura de la seguridad social y su relación con el mercado de trabajo /  |c Emilia Roca  
520 |a En un sentido amplio el concepto de empleo está ligado consustancialmente al derecho del trabajo y al de seguridad social; más genéricamente el concepto del empleo se constituye a partir de la "norma social" que se va desarrollando en el trascurso de la historia. Este trabajo da cuenta de algunas particularidades de dicho proceso.  
590 |a RRA/JULIO2011  
650 |a SEGURIDAD SOCIAL  
650 |a EMPLEO  
650 |a MERCADO DE TRABAJO  
650 |a POLITICA DE EMPLEO  
650 |a ARGENTINA  
773 |g páginas 321-352 : tablas, gráficos  
999 |c 20967  |d 20967